00772cam a2200229 450000100060000000300080000600500170001400800390003102000150007003500190008504000320010404100080013608200170014410000460016124500490020726000580025630000330031435000110034750400510035865100440040985600890045325062BD-RjUL20211209050826.0140316s1972 caub b 001 0 eng a0804708150 a(BD-RjUL)25131 aDLCcDLCdDLCdBD-RjULbeng aeng00a952.031bBEM1 aBeasley, W. G.q(William G.),d1919-2006.14aThe Meiji restoration /c by W. G. Beasley. aStanford, Calif. :bStanford University Press,c1972. avi, 513 p. :bmap. ;c24 cm. a$17.50 aIncludes Bibliography: p. [483]-495 and index. 0aJapanxHistoryyRestoration, 1853-1870.423Publisher descriptionuhttp://www.loc.gov/catdir/enhancements/fy1206/72078868-d.html